Statistics for Sopranos quotes #1

Click here to take the quiz!

General Stats

  • This quiz has been taken 119 times
  • The average score is 6 of 10

Answer Stats

QuoteCharacter% Correct
''Why don't you call for help in your radio mic, you fucking rat.''Silvio Dante
90%
''We buried him, on a hill, overlooking a little river with pine cones all around.''Tony Soprano
89%
''Yeah right, it was Junior, Mr. Magoo!''Christopher Moltisanti
86%
''His fucking coach turned into a pumpkin.''Paulie Gaultieri
82%
''What the fuck, why is this his song?''Bobby Bacala
62%
''I come, Tony make a party for me.''Furio Giunta
52%
''You're innocent, I get it. I'm just another victim of Benny Fazio criminal mastermind.''Artie Bucco
45%
''There's no scraps in my scrapbook.''Phil Leotardo
45%
''He's a very old school guy pop, very allegorical.''Carmine Lupertazzi Jr.
37%
''Hey! Someone leave a cage open at Turtle Back Zoo?''Richie Aprille
37%

Score Distribution

Percentile by Number Answered

Percent of People with Each Score

Your Score History

You have not taken this quiz